[Event "Voronezh op-B 21st"]
[Site "Voronezh"]
[Date "2017.06.15"]
[Round "4"]
[White "Ponomariov, Timur"]
[Black "Kozlov, Sergej A"]
[Result "1/2-1/2"]
[WhiteElo "2196"]
[BlackElo "2072"]
[PlyCount "85"]
[EventDate "2017.06.12"]
[EventType "swiss"]
[EventRounds "9"]
[EventCountry "RUS"]
[SourceTitle "CBM 179 Extra"]
[Source "ChessBase"]
[SourceDate "2017.08.23"]
[SourceVersion "1"]
[SourceVersionDate "2017.08.23"]
[SourceQuality "1"]

1. e4 e6 2. d4 d5 3. Nd2 Nc6 4. Ngf3 Nf6 5. e5 Nd7 6. Bd3 f6 7. Ng5 Ndxe5 8. dxe5 fxg5 9. Qh5+ Kd7 10. Nf3 h6 11. 0-0 Bc5 12. c4 Nb4 13. Bg6 dxc4 14. Rd1+ Nd5 15. Be3 Qf8 16. Bxc5 Qxc5 17. Nd4 c6 18. Bf7 Kc7 19. Bxe6 Nf4 20. Qf7+ Kb6 21. Bxc8 Raxc8 22. b4 Qd5 23. Qxd5 cxd5 24. a4 a6 25. a5+ Ka7 26. b5 Rhe8 27. bxa6 bxa6 28. Rab1 Rxe5 29. Kf1 c3 30. Rbc1 Rc4 31. g3 Rxd4 32. Rxd4 Ne2 33. Rxd5 Nxg3+ 34. hxg3 Rxd5 35. Rxc3 Kb7 36. Rb3+ Kc7 37. Rb6 Rxa5 38. Rg6 Re5 39. Rxg7+ Kd6 40. Ra7 a5 41. Ra6+ Ke7 42. Rxh6 Ke8 43. Rh4 1/2-1/2

[Event "Voronezh op-B 21st"]
[Site "Voronezh"]
[Date "2017.06.14"]
[Round "3"]
[White "Napalkov, Vladimir Aleksandro"]
[Black "Ponomariov, Timur"]
[Result "0-1"]
[WhiteElo "2031"]
[BlackElo "2196"]
[PlyCount "110"]
[EventDate "2017.06.12"]
[EventType "swiss"]
[EventRounds "9"]
[EventCountry "RUS"]
[SourceTitle "CBM 179 Extra"]
[Source "ChessBase"]
[SourceDate "2017.08.23"]
[SourceVersion "1"]
[SourceVersionDate "2017.08.23"]
[SourceQuality "1"]

1. d4 Nf6 2. c4 e5 3. dxe5 Ng4 4. Nf3 Bc5 5. e3 Nc6 6. Be2 0-0 7. 0-0 Ngxe5 8. Nxe5 Nxe5 9. Nc3 Re8 10. Kh1 a5 11. f4 Ng6 12. e4 Ra6 13. Bd3 Qh4 14. Nd5 Rc6 15. Bd2 b6 16. Be1 Qh6 17. Bc3 Bb4 18. Bxb4 axb4 19. Qf3 Bb7 20. Rae1 Rc5 21. Nxb4 Rh5 22. Qg3 Rh4 23. Nd5 Bxd5 24. exd5 Rxe1 25. Rxe1 Rxf4 26. h3 Nf8 27. Qe3 d6 28. b4 g5 29. Rf1 Ng6 30. Rxf4 Nxf4 31. a4 Qf6 32. Bc2 Kf8 33. Qd2 h5 34. a5 bxa5 35. bxa5 h4 36. Bd1 Qa1 37. Kh2 Qa3 38. Bf3 Qa1 39. c5 Qe5 40. Kh1 dxc5 41. Qf2 Qa1+ 42. Kh2 Qxa5 43. Qb2 Nd3 44. Qh8+ Ke7 45. Be2 c4 46. Bxd3 cxd3 47. Qe5+ Kd7 48. Qf5+ Kd6 49. Qf6+ Kc5 50. Qe7+ Kc4 51. Qe4+ Kc3 52. Qe1+ d2 53. Qe3+ Kb2 54. Qd3 Qc3 55. Qb5+ Kc1 0-1

[Event "Voronezh op-B 21st"]
[Site "Voronezh"]
[Date "2017.06.12"]
[Round "1"]
[White "Teryaeva, Valeria"]
[Black "Ponomariov, Timur"]
[Result "0-1"]
[WhiteElo "1814"]
[BlackElo "2196"]
[PlyCount "53"]
[EventDate "2017.06.12"]
[EventType "swiss"]
[EventRounds "9"]
[EventCountry "RUS"]
[SourceTitle "CBM 179 Extra"]
[Source "ChessBase"]
[SourceDate "2017.08.23"]
[SourceVersion "1"]
[SourceVersionDate "2017.08.23"]
[SourceQuality "1"]

1. e4 e5 2. Nf3 Nf6 3. Nxe5 Qe7 4. Nf3 Nxe4 5. Be2 d5 6. 0-0 Nc6 7. Nc3 Be6 8. Bb5 Qc5 9. d4 Nxc3 10. dxc5 Nxd1 11. Rxd1 Bxc5 12. Ne5 a6 13. Bxc6+ bxc6 14. Nxc6 0-0 15. Bf4 Rfe8 16. Rd3 Bb6 17. h3 Bf5 18. Rd2 Re4 19. Bg3 Bd7 20. Ne5 Be6 21. Rad1 Re8 22. Nc6 h5 23. c3 h4 24. Bh2 Bg4 25. Rf1 Be2 26. Rc1 Bb5 27. Bf4 0-1

[Event "Voronezh op-A 18th"]
[Site "Voronezh"]
[Date "2014.06.19"]
[Round "7"]
[White "Schekachikhin, Maksim"]
[Black "Ponomariov, Timur"]
[Result "0-1"]
[WhiteElo "2067"]
[BlackElo "2250"]
[PlyCount "76"]
[EventDate "2014.06.12"]
[EventType "swiss"]
[EventRounds "9"]
[EventCountry "RUS"]
[SourceTitle "CBM 160 Extra"]
[Source "ChessBase"]
[SourceDate "2014.07.01"]
[SourceVersion "1"]
[SourceVersionDate "2014.07.01"]
[SourceQuality "1"]

1. e4 e5 2. Nf3 Nc6 3. Bb5 a6 4. Ba4 Nf6 5. 0-0 b5 6. Bb3 Bb7 7. c3 Nxe4 8. d4 Na5 9. Bc2 exd4 10. Re1 d5 11. Nxd4 c5 12. f3 cxd4 13. fxe4 dxe4 14. Bxe4 Bxe4 15. Rxe4+ Be7 16. cxd4 0-0 17. Nc3 Bf6 18. Bf4 b4 19. Ne2 Qd5 20. Qd3 Rfe8 21. Rxe8+ Rxe8 22. Rc1 Qxa2 23. Qxa6 Qxb2 24. d5 g5 25. Rc8 Rxc8 26. Qxc8+ Kg7 27. Kf1 gxf4 28. Qg4+ Kh6 29. Qh3+ Kg5 30. g3 Qb1+ 31. Kf2 Qf5 32. gxf4+ Kg6 33. Qg3+ Kh6 34. d6 b3 35. Qg8 b2 36. Qf8+ Bg7 37. d7 Bxf8 38. d8Q Bc5+ 0-1

[Event "Voronezh op-A 18th"]
[Site "Voronezh"]
[Date "2014.06.13"]
[Round "2"]
[White "Ponomariov, Timur"]
[Black "Diakonova, Ekaterina"]
[Result "1/2-1/2"]
[WhiteElo "2250"]
[BlackElo "2028"]
[PlyCount "66"]
[EventDate "2014.06.12"]
[EventType "swiss"]
[EventRounds "9"]
[EventCountry "RUS"]
[SourceTitle "CBM 160 Extra"]
[Source "ChessBase"]
[SourceDate "2014.07.01"]
[SourceVersion "1"]
[SourceVersionDate "2014.07.01"]
[SourceQuality "1"]

1. e4 c6 2. c4 d5 3. exd5 cxd5 4. cxd5 Nf6 5. Bb5+ Nbd7 6. Nf3 g6 7. Nc3 Bg7 8. 0-0 0-0 9. d4 Nb6 10. Ne5 Nbxd5 11. Bg5 Nxc3 12. bxc3 Ne4 13. Bh4 Nxc3 14. Qb3 Nxb5 15. Qxb5 Qxd4 16. Nf3 a6 17. Qe2 Qxa1 18. Rxa1 Bxa1 19. Bxe7 Re8 20. Qd2 Bg4 21. Qg5 Bxf3 22. gxf3 b5 23. h4 Rac8 24. Kg2 Rc7 25. Bf6 h6 26. Qg3 Rc1 27. Qd6 Bxf6 28. Qxf6 Re6 29. Qd8+ Kg7 30. Qd4+ Rf6 31. Qe5 Rc4 32. Kg3 Ra4 33. Qc3 Raf4 1/2-1/2

[Event "Voronezh op-B 14th"]
[Site "Voronezh"]
[Date "2010.06.21"]
[Round "9"]
[White "Ponomariov, Timur"]
[Black "Ajrapetian, Nikita"]
[Result "1-0"]
[WhiteElo "2268"]
[BlackElo "2071"]
[PlyCount "77"]
[EventDate "2010.06.12"]
[EventType "swiss"]
[EventRounds "9"]
[EventCountry "RUS"]
[SourceTitle "CBM 137 Extra"]
[Source "ChessBase"]
[SourceDate "2010.09.01"]
[SourceVersion "1"]
[SourceVersionDate "2010.09.01"]
[SourceQuality "1"]

1. e4 c5 2. Nf3 d6 3. d4 cxd4 4. Nxd4 Nf6 5. Nc3 Nc6 6. Bg5 Bd7 7. Be2 Qa5 8. Bxf6 gxf6 9. 0-0 Nxd4 10. Qxd4 Rc8 11. Nd5 Qc5 12. Qd3 Qxc2 13. Qe3 Qc5 14. Qb3 Bg7 15. Qxb7 e6 16. Bb5 Qxb5 17. Qxc8+ Bxc8 18. Nc7+ Kd7 19. Nxb5 Ba6 20. a4 Rc8 21. Rfc1 Rxc1+ 22. Rxc1 Bxb5 23. axb5 f5 24. Ra1 Bd4 25. Ra4 e5 26. exf5 d5 27. Rxd4 exd4 28. g4 Kd6 29. f4 Kc5 30. Kf2 Kc4 31. Ke2 d3+ 32. Ke3 d2 33. Kxd2 Kd4 34. f6 Ke4 35. f5 Ke5 36. Ke3 Kxf6 37. Kf4 h6 38. h4 d4 39. g5+ 1-0

[Event "Voronezh op-B 14th"]
[Site "Voronezh"]
[Date "2010.06.19"]
[Round "7"]
[White "Ponomariov, Timur"]
[Black "Provkin, Vladimir"]
[Result "0-1"]
[WhiteElo "2268"]
[BlackElo "2204"]
[PlyCount "102"]
[EventDate "2010.06.12"]
[EventType "swiss"]
[EventRounds "9"]
[EventCountry "RUS"]
[SourceTitle "CBM 137 Extra"]
[Source "ChessBase"]
[SourceDate "2010.09.01"]
[SourceVersion "1"]
[SourceVersionDate "2010.09.01"]
[SourceQuality "1"]

1. e4 c5 2. Nf3 d6 3. d4 Nf6 4. Nc3 cxd4 5. Nxd4 Nc6 6. Bg5 Bd7 7. Be2 e6 8. Ndb5 Qb8 9. a4 a6 10. Na3 Be7 11. Nc4 Qc7 12. 0-0 Ne5 13. Nxe5 dxe5 14. Qd3 0-0 15. Rfd1 Rfd8 16. Qc4 Qxc4 17. Bxc4 Bb4 18. Rd3 Rac8 19. Bb3 Be8 20. Na2 Bc5 21. Rf3 Rd4 22. Bxf6 gxf6 23. Re1 Rcd8 24. Nc3 b5 25. axb5 axb5 26. Rfe3 R4d6 27. Rg3+ Kf8 28. Nb1 Bc6 29. Kf1 b4 30. c4 Bd4 31. Re2 f5 32. exf5 exf5 33. Rd3 e4 34. Rd1 Ke7 35. Red2 Kf6 36. Ke2 Ke5 37. Rc2 f4 38. Nd2 Bc5 39. Rcc1 Rg8 40. g3 f3+ 41. Ke1 Rh6 42. Nf1 Bd4 43. Rc2 Rd8 44. Rcd2 Rhd6 45. c5 Bxc5 46. Rxd6 Rxd6 47. Rxd6 Kxd6 48. Bxf7 Bd4 49. b3 Bb5 50. Ne3 Bc3+ 51. Kd1 Be2+ 0-1

[Event "Voronezh Region-ch"]
[Site "Voronezh"]
[Date "2009.10.15"]
[Round "5"]
[White "Ponomariov, Timur"]
[Black "Lukovnikov, Alexander"]
[Result "0-1"]
[WhiteElo "2312"]
[BlackElo "2350"]
[PlyCount "110"]
[EventDate "2009.10.10"]
[EventType "swiss"]
[EventRounds "9"]
[EventCountry "RUS"]
[SourceTitle "EXT 2010"]
[Source "ChessBase"]
[SourceDate "2010.11.25"]
[SourceVersion "1"]
[SourceVersionDate "2010.11.25"]
[SourceQuality "1"]

1. e4 c5 2. Nf3 Nc6 3. Nc3 g6 4. d4 cxd4 5. Nxd4 Bg7 6. Nde2 Nf6 7. g3 0-0 8. Bg2 d6 9. 0-0 Bd7 10. h3 Rc8 11. Nd5 Nxd5 12. exd5 Na5 13. a4 Qc7 14. Nd4 Qc4 15. Be3 Bxd4 16. Bxd4 Qxc2 17. Qe1 Nb3 18. Qxe7 Nxd4 19. Qxd7 Qc7 20. Qg4 Qb6 21. a5 Qb4 22. a6 b5 23. Rfd1 Rc4 24. Qd7 Qc5 25. Rf1 b4 26. Rae1 Rc2 27. b3 Nxb3 28. Re7 Nd2 29. Qxa7 Qxa7 30. Rxa7 Nxf1 31. Bxf1 b3 32. Rb7 b2 33. a7 Ra8 34. Bd3 Rc3 35. Rb8+ Rc8 36. Rxb2 Rxa7 37. Be4 Rc4 38. Bg2 Kf8 39. h4 Rac7 40. Rb3 Rc1+ 41. Kh2 R7c2 42. Rf3 Rc3 43. Rf4 Rc4 44. Rxc4 Rxc4 45. Kh3 h5 46. f4 f5 47. Bf3 Rd4 48. Kg2 Rd2+ 49. Kf1 Ke7 50. Ke1 Rb2 51. Be2 Kd7 52. Kf1 Kc7 53. Bd1 Rb1 54. Ke2 Rxd1 55. Kxd1 Kb6 0-1

[Event "Voronezh Region-ch"]
[Site "Voronezh"]
[Date "2009.10.14"]
[Round "4"]
[White "Rodin, Dmitrij"]
[Black "Ponomariov, Timur"]
[Result "1-0"]
[WhiteElo "2415"]
[BlackElo "2312"]
[PlyCount "121"]
[EventDate "2009.10.10"]
[EventType "swiss"]
[EventRounds "9"]
[EventCountry "RUS"]
[SourceTitle "EXT 2010"]
[Source "ChessBase"]
[SourceDate "2010.11.25"]
[SourceVersion "1"]
[SourceVersionDate "2010.11.25"]
[SourceQuality "1"]

1. e4 e5 2. Nf3 Nc6 3. Bb5 a6 4. Ba4 Nf6 5. Qe2 b5 6. Bb3 Be7 7. c3 0-0 8. 0-0 d6 9. h3 Na5 10. Bc2 c5 11. d4 Qc7 12. d5 Bd7 13. Nbd2 Rfe8 14. Re1 h6 15. Nf1 Bf8 16. b3 c4 17. Bd2 cxb3 18. axb3 Nb7 19. b4 a5 20. Bd3 Reb8 21. Ng3 Nd8 22. Nh2 g6 23. Ngf1 Bg7 24. g4 Qb6 25. Ne3 axb4 26. cxb4 Ra6 27. Rxa6 Qxa6 28. Nc2 Qb7 29. Ra1 Ra8 30. Rxa8 Qxa8 31. Nf1 Qa6 32. Nfe3 h5 33. f3 Bh6 34. Nd1 Bxd2 35. Qxd2 Kg7 36. Nc3 hxg4 37. hxg4 Ne8 38. g5 f6 39. gxf6+ Nxf6 40. Qe2 Qb6+ 41. Qf2 Qa6 42. Kf1 Nh5 43. Ke1 Nf4 44. Bf1 Nf7 45. Kd2 Ng5 46. Kc1 Qc8 47. Kb2 Bg4 48. Qa7+ Qd7 49. Qxd7+ Bxd7 50. Ne1 Kf6 51. Bxb5 Bxb5 52. Nxb5 Ke7 53. Nc3 Kd7 54. Kb3 Kc7 55. Ka4 Nfh3 56. Ka5 Ng1 57. Ka6 N1xf3 58. Nxf3 Nxf3 59. Ka7 Nd2 60. b5 Nc4 61. b6+ 1-0

[Event "Voronezh op-B 13th"]
[Site "Voronezh"]
[Date "2009.06.19"]
[Round "8"]
[White "Ponomariov, Timur"]
[Black "Kruchev, Boris"]
[Result "1-0"]
[WhiteElo "2292"]
[BlackElo "2245"]
[PlyCount "71"]
[EventDate "2009.06.12"]
[EventType "swiss"]
[EventRounds "9"]
[EventCountry "RUS"]
[SourceTitle "CBM 130 Extra"]
[Source "ChessBase"]
[SourceDate "2009.07.02"]
[SourceVersion "2"]
[SourceVersionDate "2009.07.15"]
[SourceQuality "1"]

1. e4 e5 2. Nf3 Nc6 3. Bb5 a6 4. Ba4 Nf6 5. 0-0 Be7 6. Re1 b5 7. Bb3 0-0 8. d4 d6 9. c3 Bg4 10. Be3 exd4 11. cxd4 Na5 12. Bc2 Nc4 13. Bc1 c5 14. b3 Nb6 15. Nbd2 cxd4 16. h3 Bh5 17. g4 Bg6 18. Nxd4 Rc8 19. Bb2 Nfd7 20. Rc1 Re8 21. f4 h6 22. Qf3 Bf8 23. Nf1 Qh4 24. Ne3 d5 25. Ndf5 dxe4 26. Nxh4 exf3 27. Nxg6 Rxe3 28. Rxe3 Bc5 29. Ne7+ Kf8 30. Nf5 Re8 31. Kf2 Nd5 32. Rce1 Nxe3 33. Nxe3 Nb6 34. Kxf3 Nd5 35. Ng2 Rc8 36. Be4 1-0

[Event "Voronezh op-B 13th"]
[Site "Voronezh"]
[Date "2009.06.14"]
[Round "3"]
[White "Ponomariov, Timur"]
[Black "Gusarchuk, Anastasia"]
[Result "1/2-1/2"]
[WhiteElo "2292"]
[BlackElo "2096"]
[PlyCount "83"]
[EventDate "2009.06.12"]
[EventType "swiss"]
[EventRounds "9"]
[EventCountry "RUS"]
[SourceTitle "CBM 130 Extra"]
[Source "ChessBase"]
[SourceDate "2009.07.02"]
[SourceVersion "2"]
[SourceVersionDate "2009.07.15"]
[SourceQuality "1"]

1. e4 d6 2. d4 Nf6 3. Bd3 g6 4. f4 Bg7 5. Nf3 0-0 6. e5 Nd5 7. c4 Nb4 8. Be4 dxe5 9. fxe5 c5 10. d5 Bg4 11. a3 N4a6 12. Qb3 Qb6 13. Qxb6 axb6 14. Bf4 Nd7 15. Nbd2 f5 16. Bc2 Nb4 17. 0-0-0 Nxc2 18. Kxc2 h6 19. h4 Ra4 20. Kb3 b5 21. Rc1 Rfa8 22. Rhe1 bxc4+ 23. Rxc4 Nb6 24. Rxa4 Rxa4 25. Bg3 Bxf3 26. gxf3 Rd4 27. Kc2 Rxd5 28. Re3 Rxd2+ 29. Kxd2 Nc4+ 30. Ke2 Nxe3 31. Kxe3 g5 32. hxg5 hxg5 33. f4 gxf4+ 34. Kxf4 e6 35. Kg5 Kf7 36. b3 Bf8 37. a4 Be7+ 38. Kh6 Bd8 39. Bf4 Ba5 40. Kh7 Bd8 41. Kh6 Be7 42. Kh7 1/2-1/2

[Event "Dimitrovgrad-ch"]
[Site "Dimitrovgrad"]
[Date "2009.??.??"]
[Round "8"]
[White "Lukovnikov, Alexander"]
[Black "Ponomariov, Timur"]
[Result "1-0"]
[WhiteElo "2350"]
[BlackElo "2290"]
[PlyCount "49"]
[EventDate "2009.08.??"]
[EventType "swiss"]
[EventRounds "9"]
[EventCountry "RUS"]
[SourceTitle "EXT 2012"]
[Source "ChessBase"]
[SourceDate "2011.11.24"]
[SourceVersion "1"]
[SourceVersionDate "2011.11.24"]
[SourceQuality "1"]

1. f4 e5 2. e4 Bc5 3. Nf3 d6 4. Nc3 Nf6 5. Bc4 Nc6 6. d3 Bg4 7. h3 Bxf3 8. Qxf3 exf4 9. Bxf4 Ne5 10. Bxe5 dxe5 11. 0-0-0 0-0 12. g4 Qd4 13. Kb1 c6 14. g5 Ne8 15. Rdf1 Nd6 16. Bb3 a5 17. h4 b5 18. Nd1 Bb6 19. g6 a4 20. gxf7+ Kh8 21. Be6 b4 22. Rh2 a3 23. Rg2 axb2 24. Rxg7 Nb5 25. Rg8+ 1-0

[Event "Dimitrovgrad-ch"]
[Site "Dimitrovgrad"]
[Date "2009.??.??"]
[Round "7"]
[White "Ponomariov, Timur"]
[Black "Provotorov, Ivan"]
[Result "1/2-1/2"]
[WhiteElo "2290"]
[BlackElo "2405"]
[PlyCount "67"]
[EventDate "2009.08.??"]
[EventType "swiss"]
[EventRounds "9"]
[EventCountry "RUS"]
[SourceTitle "EXT 2012"]
[Source "ChessBase"]
[SourceDate "2011.11.24"]
[SourceVersion "1"]
[SourceVersionDate "2011.11.24"]
[SourceQuality "1"]

1. e4 e5 2. Nf3 Nc6 3. Bb5 a6 4. Ba4 Nf6 5. 0-0 b5 6. Bb3 Bb7 7. d4 Nxd4 8. Nxd4 exd4 9. e5 Ne4 10. c3 d3 11. Qf3 Qe7 12. Nd2 0-0-0 13. Nxe4 Qxe5 14. Re1 f5 15. Qg3 Qe8 16. Nd6+ Bxd6 17. Rxe8 Rhxe8 18. f4 Bc5+ 19. Kf1 Re2 20. Bd1 Bxg2+ 21. Qxg2 Rxg2 22. Kxg2 Re8 23. Bd2 Re6 24. Bf3 Rg6+ 25. Kh1 c6 26. Re1 Kc7 27. Bg2 Bf2 28. Rf1 Bh4 29. Rf3 Rd6 30. Bf1 Be1 31. Bxe1 d2 32. Bxd2 Rxd2 33. b4 Rxa2 34. Bd3 1/2-1/2

[Event "Voronezh Region-ch"]
[Site "Voronezh"]
[Date "2008.12.07"]
[Round "5"]
[White "Ponomariov, Timur"]
[Black "Morozov, Evgeny"]
[Result "0-1"]
[WhiteElo "2307"]
[BlackElo "2331"]
[PlyCount "44"]
[EventDate "2008.12.03"]
[EventType "swiss"]
[EventRounds "9"]
[EventCountry "RUS"]
[SourceTitle "EXT 2010"]
[Source "ChessBase"]
[SourceDate "2010.11.25"]
[SourceVersion "1"]
[SourceVersionDate "2010.11.25"]
[SourceQuality "1"]

1. e4 c5 2. Nf3 d6 3. d4 cxd4 4. Nxd4 Nf6 5. Nc3 Nc6 6. Bg5 e6 7. Qd2 a6 8. 0-0-0 Bd7 9. f4 Be7 10. Nf3 b5 11. e5 b4 12. exf6 bxc3 13. Qxc3 gxf6 14. Rxd6 Bxd6 15. Bxf6 Bb4 16. Qxb4 Nxb4 17. Bxd8 Kxd8 18. Ne5 Ke7 19. Bc4 f6 20. Nxd7 Kxd7 21. Rd1+ Kc7 22. Bxe6 Rad8 0-1

[Event "Voronezh CC-ch"]
[Site "Voronezh"]
[Date "2008.10.17"]
[Round "8"]
[White "Lukovnikov, Alexander"]
[Black "Ponomariov, Timur"]
[Result "1-0"]
[WhiteElo "2343"]
[BlackElo "2297"]
[PlyCount "67"]
[EventDate "2008.10.10"]
[EventType "swiss"]
[EventRounds "9"]
[EventCountry "RUS"]
[SourceTitle "EXT 2010"]
[Source "ChessBase"]
[SourceDate "2010.11.25"]
[SourceVersion "1"]
[SourceVersionDate "2010.11.25"]
[SourceQuality "1"]

1. e4 e5 2. Nf3 Nc6 3. Bb5 a6 4. Ba4 Nf6 5. 0-0 Nxe4 6. d4 b5 7. Bb3 d5 8. dxe5 Be6 9. Nbd2 Nc5 10. c3 d4 11. Bxe6 Nxe6 12. cxd4 Ncxd4 13. a4 Bc5 14. Ne4 Bb6 15. Nxd4 Bxd4 16. Qh5 Qd5 17. Qf3 Ke7 18. Be3 Rad8 19. axb5 axb5 20. Bxd4 Qxd4 21. Rae1 Rd5 22. Ng3 Qd3 23. Re3 Qd2 24. Nf5+ Kf8 25. Ra3 g6 26. Nd6 Nf4 27. Ne4 Ne2+ 28. Kh1 Qd1 29. Ra1 Qd4 30. Ra8+ Kg7 31. Qf6+ Kh6 32. Rxh8 Qxe4 33. Qxf7 g5 34. Qe6+ 1-0

[Event "Voronezh-ch"]
[Site "Voronezh"]
[Date "2008.03.06"]
[Round "9"]
[White "Ponomariov, Timur"]
[Black "Kornilov, Peter"]
[Result "1-0"]
[WhiteElo "2332"]
[BlackElo "2116"]
[PlyCount "91"]
[EventDate "2008.02.26"]
[EventType "swiss"]
[EventRounds "9"]
[EventCountry "RUS"]
[SourceTitle "CBM 123 Extra"]
[Source "ChessBase"]
[SourceDate "2008.05.06"]
[SourceVersion "1"]
[SourceVersionDate "2008.05.06"]
[SourceQuality "1"]

1. e4 c5 2. Nf3 e6 3. d4 cxd4 4. Nxd4 a6 5. Bd3 Nf6 6. 0-0 Qc7 7. Qe2 Bd6 8. f4 Bc5 9. Be3 Qb6 10. c3 Nc6 11. Nc2 Bxe3+ 12. Qxe3 Qxe3+ 13. Nxe3 d5 14. exd5 exd5 15. Re1 0-0 16. Nc2 Bd7 17. Nd2 Rad8 18. Nf3 g6 19. Ncd4 Nxd4 20. Nxd4 Rfe8 21. Kf2 Ne4+ 22. Bxe4 dxe4 23. Rad1 f5 24. Ke3 Kf7 25. Rd2 Be6 26. Red1 Bc4 27. h3 Rc8 28. g4 Kf6 29. a3 h6 30. Rg1 a5 31. Rdg2 Bf7 32. gxf5 gxf5 33. Rg7 Rcd8 34. h4 b5 35. Rh7 Rh8 36. Rxh8 Rxh8 37. Nxb5 Rb8 38. a4 Bc4 39. Nd6 Ba6 40. h5 Ke6 41. Rg6+ Kd5 42. Nxf5 Bb7 43. Rb6 Kc5 44. Rb5+ Kc6 45. Nd4+ Kc7 46. Ne6+ 1-0

[Event "Voronezh-ch"]
[Site "Voronezh"]
[Date "2008.03.01"]
[Round "5"]
[White "Ponomariov, Timur"]
[Black "Rodin, Dmitrij"]
[Result "1/2-1/2"]
[WhiteElo "2332"]
[BlackElo "2456"]
[PlyCount "64"]
[EventDate "2008.02.26"]
[EventType "swiss"]
[EventRounds "9"]
[EventCountry "RUS"]
[SourceTitle "CBM 123 Extra"]
[Source "ChessBase"]
[SourceDate "2008.05.06"]
[SourceVersion "1"]
[SourceVersionDate "2008.05.06"]
[SourceQuality "1"]

1. e4 c5 2. Nf3 e6 3. d4 cxd4 4. Nxd4 a6 5. Bd3 g6 6. c4 Bg7 7. Be3 Nf6 8. Nc3 d6 9. 0-0 0-0 10. Re1 Nbd7 11. Bf1 Qc7 12. Rc1 b6 13. f3 Bb7 14. Qd2 Rad8 15. Qf2 Rfe8 16. b4 Qb8 17. Nb3 d5 18. cxd5 exd5 19. exd5 Qd6 20. Nc5 Ba8 21. Nxd7 Nxd7 22. a3 Be5 23. g3 b5 24. Bc5 Nxc5 25. bxc5 Qf6 26. Ne4 Qg7 27. Rcd1 Rxd5 28. Rxd5 Bxd5 29. Nd6 Rd8 30. Rd1 Bc6 31. Bg2 Bb2 32. Rd3 Be5 1/2-1/2